Application of fuzzy logic to land suitability for rubber production in peninsular Thailand (Record no. 45571)

MARC details
000 -LEADER
fixed length control field 00489nam a2200181Ia 4500
100 ## - MAIN ENTRY--AUTHOR NAME
Personal name Van Ranst E
245 #0 - TITLE STATEMENT
Title Application of fuzzy logic to land suitability for rubber production in peninsular Thailand
260 ## - PUBLICATION, DISTRIBUTION, ETC. (IMPRINT)
Name of publisher Geoderma
Year of publication 1996
300 ## - PHYSICAL DESCRIPTION
Number of Pages 19-Jan
650 ## - SUBJECT ADDED ENTRY--TOPICAL TERM
Topical Term Peninsular Thailand
650 ## - SUBJECT ADDED ENTRY--TOPICAL TERM
Topical Term Rubber production
700 ## - ADDED ENTRY--PERSONAL NAME
Personal name
700 ## - ADDED ENTRY--PERSONAL NAME
Personal name
700 ## - ADDED ENTRY--PERSONAL NAME
Personal name 6bH
700 ## - ADDED ENTRY--PERSONAL NAME
Personal name Tang
942 ## - ADDED ENTRY ELEMENTS (KOHA)
Koha item type Reprints
700 ## - ADDED ENTRY--PERSONAL NAME
-- roenemans R
700 ## - ADDED ENTRY--PERSONAL NAME
-- inthurahat S
Holdings
Withdrawn status Lost status Damaged status Not for loan Home library Current library Shelving location Date acquired Serial Enumeration / chronology Koha item type
      Reprints RRII Library RRII Library Rubber products 22/12/2021 Volume 70, Issue Reprints